• 首页
  • 本馆介绍
  • 公告通知
  • 最新文献
  • 馆藏检索
  • 电子资源
  • 读者导购
  • 参考咨询
  • 我的图书馆
  • 登录
  • 详细信息显示
  • 放入我的书架
  • 预约/预借图书
  • 作者相关作品
  • 分类相关作品
  • 丛书相关作品
  • 出版社相关作品

书目信息

  • 表格格式
  • 工作单格式
  • 卡片格式
题名:
菇类美食三百种
    
 
作者: 周范林 主编
分册:  
出版信息: 广州   广东经济出版社  2001
页数: 246页
开本: 20cm
丛书名: 个性美食系列
单 册:
中图分类: TS972.123
科图分类:
主题词: 食用菌类--菜谱 , 食用菌类 , 菜谱
电子资源:
ISBN: 7-80632-944-7
000 00869oam2 2200277 45
001 012005200035
005 20070102164257.54
010    @a7-80632-944-7@dCNY14.80
092    @aCN@b470262
100    @a20051005e20022001em y0chiy0110 ea
101 0  @achi
102    @aCN@b440000
105    @aa z 000yy
200 1  @a菇类美食三百种@9gu lei mei shi san bai zhong@f周范林主编
210    @a广州@c广东经济出版社@d2001@h2002重印
215    @a246页@c图@d20cm
225 2  @a个性美食系列
330    @a本书比较详细地介绍了食用菌中香菇和蘑菇两个主要品种的食用知识以及美食菜谱的制作方法,全书包括概述、冷菜、热菜和汤羹等四个部分。
461  0 @12001 @a个性美食系列
606 0  @a食用菌类@x菜谱
606 0  @a食用菌类
606 0  @a菜谱
690    @aTS972.123@v4
701  0 @a周范林@9zhou fan lin@4主编
801  0 @aCN@bLZJBOOK@c20070102
905    @a10447@dTS972.123@e205
    
    菇类美食三百种/周范林主编.-广州:广东经济出版社,2001(2002重印)
    246页:图;20cm.-(个性美食系列)
    
    
    ISBN 7-80632-944-7:CNY14.80
    本书比较详细地介绍了食用菌中香菇和蘑菇两个主要品种的食用知识以及美食菜谱的制作方法,全书包括概述、冷菜、热菜和汤羹等四个部分。
●
相关链接 在E读中查询图书 在五车中查询图书 在当当中查询图书 在豆瓣中查询图书


正题名:菇类美食三百种     索取号:TS972.123/205         预约/预借

序号 登录号 条形码 馆藏地/架位号 状态 备注
1 0557773   205577730   第二样本阅览室/ [索取号:TS972.123/205] 在馆    
2 0557774   205577749   第三借阅区/ [索取号:TS972.123/205] 在馆    
3 0557775   205577758   第三借阅区/ [索取号:TS972.123/205] 在馆    
4 0557776   205577767   第三借阅区/ [索取号:TS972.123/205] 在馆    
5 0557777   205577776   第三借阅区/ [索取号:TS972.123/205] 在馆    
6 0557778   205577785   第三借阅区/ [索取号:TS972.123/205] 在馆    
7 0557779   205577794   第三借阅区/ [索取号:TS972.123/205] 在馆    
8 0557780   205577801   第三借阅区/ [索取号:TS972.123/205] 在馆    
唐山师范学院图书馆 欢迎您!
大连网信软件有限公司© 版权所有